Normal view
MARC view
- Mirza V
Entry Personal Name
001 - CONTROL NUMBER
- control field: 204595
003 - CONTROL NUMBER IDENTIFIER
- control field: OSt
005 - DATE AND TIME OF LATEST TRANSACTION
- control field: 20230906112838.0
008 - FIXED-LENGTH DATA ELEMENTS
- fixed length control field: 230906|| aca||aabn | a|a d
040 ## - CATALOGING SOURCE
- Original cataloging agency: OSt
- Transcribing agency: OSt
100 ## - HEADING--PERSONAL NAME
- Personal name: Mirza V
670 ## - SOURCE DATA FOUND
- Source citation: Work cat.: (OSt)356059: Mirza V., Handloom And Handicrafts of Gujarat